<?xml version="1.0" encoding="UTF-8"?>
<record
    xmlns:xsi="http://www.w3.org/2001/XMLSchema-instance"
    xsi:schemaLocation="http://www.loc.gov/MARC21/slim http://www.loc.gov/standards/marcxml/schema/MARC21slim.xsd"
    xmlns="http://www.loc.gov/MARC21/slim">

  <leader>01409nam a22001937a 4500</leader>
  <controlfield tag="008">150128b        xxu||||| |||| 00| 0 eng d</controlfield>
  <datafield tag="022" ind1=" " ind2=" ">
    <subfield code="a">9781405763868</subfield>
  </datafield>
  <datafield tag="050" ind1=" " ind2=" ">
    <subfield code="a">KD310.H3413(5ed. vol.99)</subfield>
  </datafield>
  <datafield tag="245" ind1=" " ind2=" ">
    <subfield code="a">Halsbury's laws of England: Lord Mackay of Clashfern: Lord High Chancellor of Great Britain (1987-97) vol 99. /</subfield>
    <subfield code="c">edited by Ian Pye</subfield>
  </datafield>
  <datafield tag="250" ind1=" " ind2=" ">
    <subfield code="a">5ed. vol.6</subfield>
  </datafield>
  <datafield tag="260" ind1=" " ind2=" ">
    <subfield code="a">London:</subfield>
    <subfield code="b">Reed Elsevier,</subfield>
    <subfield code="c">2012.</subfield>
  </datafield>
  <datafield tag="300" ind1=" " ind2=" ">
    <subfield code="a">818p.:</subfield>
    <subfield code="c">24cm.</subfield>
  </datafield>
  <datafield tag="440" ind1=" " ind2=" ">
    <subfield code="a">Halsbury's laws of England lord mackay of clashfern lord high chancellor of great Britain(1987-97). /</subfield>
    <subfield code="p">Value added tax, weghts and measures</subfield>
    <subfield code="v">vol.99.</subfield>
  </datafield>
  <datafield tag="500" ind1=" " ind2=" ">
    <subfield code="a">Includes index.</subfield>
  </datafield>
  <datafield tag="505" ind1=" " ind2=" ">
    <subfield code="a">Contents: How to use Halsbury's laws of England -- References and abbreviations -- Table of statutes -- Table of statutory instruments -- Table of European Union legislation -- Tables cases -- Introduction -- Rate of value added tax -- The Charge to value added tax -- Exemptions and reliefs -- Special cases -- Accounting and assessment -- Diclosure of tax avoidance schemes -- Offences and penalities -- Enforcement and ancillary powers -- Appeals -- Weights and measures: Legislation -- Administration -- Units and standards of measurement -- Equipment for use for trade -- Public weighing or measuring equipment -- Transactions in goods -- Package goods -- Criminal proceedings.</subfield>
  </datafield>
  <datafield tag="700" ind1=" " ind2=" ">
    <subfield code="a">Francis Ward</subfield>
  </datafield>
  <datafield tag="700" ind1=" " ind2=" ">
    <subfield code="a">Amanda Willis.</subfield>
  </datafield>
  <datafield tag="942" ind1=" " ind2=" ">
    <subfield code="2">lcc</subfield>
    <subfield code="c">BK</subfield>
  </datafield>
  <datafield tag="999" ind1=" " ind2=" ">
    <subfield code="c">5322</subfield>
    <subfield code="d">12822</subfield>
  </datafield>
  <datafield tag="952" ind1=" " ind2=" ">
    <subfield code="0">0</subfield>
    <subfield code="1">0</subfield>
    <subfield code="2">lcc</subfield>
    <subfield code="4">0</subfield>
    <subfield code="7">0</subfield>
    <subfield code="a">WIUC-1</subfield>
    <subfield code="b">WIUC-1</subfield>
    <subfield code="c">LL</subfield>
    <subfield code="d">2015-01-28</subfield>
    <subfield code="l">0</subfield>
    <subfield code="o">KD310.H3413(5ed. vol.99)</subfield>
    <subfield code="p">2536/1536/15</subfield>
    <subfield code="r">2015-01-28 00:00:00</subfield>
    <subfield code="t">1</subfield>
    <subfield code="w">2015-01-28</subfield>
    <subfield code="y">BK</subfield>
  </datafield>
</record>
